| 000 | 01152nam a22003255i 4500 | ||
|---|---|---|---|
| 001 | 15311793 | ||
| 003 | EG-ScBUE | ||
| 005 | 20250720093052.0 | ||
| 008 | 080602t2009 gw a f b 001 0 eng d | ||
| 020 | _a9783540008590 (hardcover : alk. paper) | ||
| 040 |
_aEG-ScBUE _beng _erda _cEG-ScBUE _dEG-ScBUE |
||
| 082 | 0 | 4 |
_222 _a541.33 _bHOL |
| 100 | 1 |
_aHolze, R. _95743 _q(Rudolf), _d1954- _eauthor. |
|
| 245 | 1 | 0 |
_aSurface and interface analysis : _ban electrochemists toolbox / _cRudolf Holze. |
| 264 | 1 |
_aBerlin : _bSpringer, _c[2009] |
|
| 264 | 4 | _cc2009 | |
| 300 |
_axxii, 300 pages : _billustrations ; _c24 cm. |
||
| 336 |
_2rdacontent _atext _btxt |
||
| 337 |
_aunmediated _2rdamedia _bn |
||
| 338 |
_avolume _bnc _2rdacarrier |
||
| 490 | 0 |
_aSpringer series in chemical physics ; _v74 |
|
| 500 | _aWith 207 figures. | ||
| 504 | _aIncludes bibliographical references and index. | ||
| 650 | 7 |
_aSurfaces (Physics) _xAnalysis. _95745 _2BUEsh |
|
| 650 | 7 |
_aInterfaces (Physical sciences) _xAnalysis. _95746 _2BUEsh |
|
| 650 | 7 |
_aSurface chemistry. _95747 _2BUEsh |
|
| 650 | 7 |
_aElectrochemistry. _95748 _2BUEsh |
|
| 655 | _vReading book | ||
| 942 |
_2ddc _cBB |
||
| 999 |
_c11721 _d11721 |
||